Forbes 30 Most Powerful Women - Statistics

General Stats
  • This quiz has been taken 733 times
  • The average score is 5 of 30
Answer Stats
Title Name % Correct
First Lady Michelle Obama
81%
Secretary of State Hillary Clinton
80%
Chancellor Angela Merkel
71%
Media Personality Oprah Winfrey
68%
Actress, Humanitarian Angelina Jolie
48%
Cofounder-Gates Foundation Melinda Gates
41%
Entertainer, Designer Beyonce Knowles
27%
Entertainer Lady Gaga
23%
President of Brazil Dilma Rousseff
12%
COO, Facebook Sheryl Sandberg
11%
Presidential Candidate Michele Bachmann
10%
IMF Director Christine Lagarde
8%
CEO Pepsi Indra Nooyi
6%
Secretary of Homeland Security Janet Napolitano
6%
Prime Minister Julia Gillard
6%
President Sonia Gandhi
6%
Cofounder, HTC; VIA Technologies Cher Wang
4%
President Cristina Fernandez
4%
Mining Tycoon Georgina Rinehart
3%
Secretary of Health and Human Services Kathleen Sebelius
3%
General Secretary, NLFD Aung San Suu Kyi
2%
CEO, Xerox Ursula Burns
2%
Co-Chair, Sony Amy Pascal
1%
President, Disney Media Networks Anne Sweeney
1%
CEO, Kraft Foods Irene Rosenfeld
1%
NY Times Executive Editor Jill Abramson
1%
Chair, SEC Mary Schapiro
1%
SVP, Advertising Google Susan Wojcicki
1%
UN World Food Programme Josette Sheeran
0%
Commissioner FDA Margaret Hamburg
0%
No matching quizzes found
Score Distribution
Percent of People with Each Score
Percentile by Number Answered
Your Score History
You have not taken this quiz